Metalbands Map Quiz - Statistics

General Stats
  • This quiz has been taken 18 times
  • The average score is 9 of 16
Answers on the Map
Answers color-coded by a green-red scale on the quiz's map according to % correct below.
 
Answer Stats
Answer % Correct
Metallica
100%
AC/DC
94%
Iron Maiden
88%
Sepultura
88%
Gojira
82%
Annihilator
53%
Behemoth
53%
Children Of Bodom
53%
Darkthrone
53%
Meshuggah
53%
Accept
47%
Volbeat
41%
Therapy?
35%
Brutus
24%
Within Temptation
18%
Ignite
12%
No matching quizzes found
Score Distribution
Percent of People with Each Score
Percentile by Number Answered
Your Score History
You have not taken this quiz